| 000 | 00889nam a22002897a 4500 | ||
|---|---|---|---|
| 001 | 3147 | ||
| 003 | FISKH | ||
| 005 | 20241119085543.0 | ||
| 008 | 240214b cb ||||| |||| 00| 0 eng d | ||
| 020 | _a0590982311 | ||
| 040 |
_aFISKH _beng _cFISKH _dFISKH |
||
| 050 | _aPZ7.M652 | ||
| 082 | _a809 | ||
| 100 | _aMinarik, Else Holmelund | ||
| 245 |
_aLittle bear / _bby Minarik, Else Holmelund : pictures by Sendak, Maurice |
||
| 260 |
_aNew York : _bScholastic , _c1957 |
||
| 300 |
_a63 pages : _bcolor illustrations ; _c22 cm . |
||
| 490 | _aLittle Bear | ||
| 490 | _aAn I can read book | ||
| 505 | _aG | ||
| 520 | _aLittle Bear's four adventures include taking a trip to the moon and having a birthday party. | ||
| 521 | 8 |
_a370
_bLexile |
|
| 521 | 8 |
_aG
_bRaz-Plus |
|
| 650 |
_abears _vfiction |
||
| 700 |
_aSendak, Maurice _eillustrator |
||
| 942 |
_2ddc _cBK _n0 |
||
| 999 |
_c3147 _d3147 |
||